[Event "HUN-ch Rapid 2018"]
[Site "Ajka"]
[Date "2018.07.20"]
[Round "1"]
[White "Almasi, Zoltan"]
[Black "Borhy, Marcell"]
[Result "1-0"]
[WhiteElo "2650"]
[BlackElo "1969"]
[Annotator "TA"]
[PlyCount "59"]
[EventDate "2018.07.20"]
[EventType "swiss"]
[EventCountry "HUN"]
[SourceTitle "playchess.com"]
[Source "ChessBase"]
[SourceQuality "1"]

{[%evp 9,59,-16,-16,-52,-4,-9,-7,0,-8,-10,-4,20,33,25,30,25,42,33,91,85,90,83,109,0,0,-26,-7,-11,0,-24,-25,-26,-26,-26,-21,-67,-19,-29,0,0,0,0,0,0,259,247,250,244,754,756,720,699]} 1. Nf3 d5 2. c4 d4 3. b4 Bg4 4. Bb2 (4. Qb3 Nf6 5. g3 Bxf3 6. Qxf3 c6 7. Bg2 e5 8. Qb3 Nbd7 9. O-O a5 10. b5 Nc5 11. Qd1 Rc8 {1-0 (49) Svidler,P (2765)-Zhigalko,S (2641) Riadh 2017}) 4... Bxf3 5. exf3 Nf6 6. c5 {A09: Réti Opening: 1 Nf3 d5 2 c4} e5 7. Bc4 Be7 8. O-O {The position is equal.} Nc6 $146 ({Predecessor:} 8... O-O 9. Re1 a6 10. Qb3 Nc6 11. a3 Qd7 {½-½ (38) Frumson,Y (2337)-Elfert,A (2125) Zvenigorod 2005}) 9. a3 O-O 10. Re1 Re8 11. Qb3 Rf8 12. d3 a6 13. Nd2 b5 (13... Qd7 $14) 14. cxb6 $1 $16 cxb6 15. Rac1 {Strongly threatening Bxf7+!} Qd7 {White must now prevent ...b5.} 16. Qc2 (16. f4 $16) 16... Rfc8 $11 17. Qb1 b5 18. Bb3 Bd6 19. Ne4 Nxe4 20. fxe4 a5 21. bxa5 Rxa5 22. Qa2 Kf8 23. g3 Nb4 24. Rxc8+ Qxc8 25. Qb1 {Hoping for Rc1.} Na6 26. Qd1 Bxa3 $2 {[%mdl 8192]} (26... Nc5 $11 {and Black is okay.}) 27. Qh5 $1 $40 {[%csl Gb3][%cal Rh5f7][%mdl 128] White goes for the king.} Qd7 {[#]} 28. Rc1 $1 {[%cal Rc1c8] Intending Rc8+! and mate.} ({And not} 28. Qxh7 Bxb2 29. Qh8+ Ke7 $15) 28... Nc5 $2 ({Worse is} 28... Bxb2 {[#]} 29. Rc8+ $1 {[%mdl 512]} Ke7 30. Qxf7+ Kd6 31. Qd5+ Ke7 32. Qxe5+ Qe6 33. Qxe6#) (28... Nc7) 29. Bxa3 Rxa3 30. Rxc5 {Precision: White = 65%, Black = 33%.} 1-0

[Event "HUN-ch Rapid 2018"]
[Site "Ajka"]
[Date "2018.07.20"]
[Round "1"]
[White "Balog, Imre"]
[Black "Lehocz, Jozsef"]
[Result "1-0"]
[WhiteElo "2613"]
[BlackElo "1945"]
[Annotator "TA"]
[PlyCount "77"]
[EventDate "2018.07.20"]
[EventType "swiss"]
[EventCountry "HUN"]
[SourceTitle "playchess.com"]
[Source "ChessBase"]
[SourceQuality "1"]

{[%evp 10,77,92,81,138,127,216,206,212,215,210,213,220,214,275,279,278,194,397,406,409,255,245,250,251,251,270,256,257,256,245,232,388,300,487,452,469,470,611,621,541,378,466,459,548,542,523,523,551,553,527,537,643,578,581,387,922,696,2106,2031,5122,2143,2081,1985,29980,29981,29992,29981,29996,29997]} 1. e4 b6 2. d4 {[%cal Bd2d4,Bd4d5,Bd5d6][%mdl 32]} Bb7 3. Bd3 e6 4. Nf3 Nf6 5. Qe2 c5 6. d5 {LiveBook: 6 Partien. B00: Damenfianchetto, Nimzowitsch-Verteidigung} (6. c3 d5 7. e5 Ne4 8. Nbd2 Nxd2 9. Bxd2 c4 10. Bc2 Be7 11. h4 h6 12. Ng1 Nc6 13. Qg4 Bf8 14. Ne2 Qd7 {1-0 (43) Barbosa,E (2518)-Gauche,C (2251) Florianopolis 2018}) 6... Be7 {[#]} ({Günstiger ist} 6... g6) 7. d6 $1 $16 {[%mdl 512]} Bf8 (7... Bxd6 $16 8. e5 Be7) 8. e5 $18 {Weiß steht deutlich besser.} Nd5 9. a3 b5 $146 ({Vorgänger:} 9... f6 10. c4 fxe5 11. cxd5 Bxd5 12. Nxe5 Qh4 13. Nf3 Qg4 {0-1 (47) Gnatonski,T (1529)-Kaczmarek,S Poznan 2009}) 10. Bxb5 Nc6 11. O-O h6 12. c4 Nb6 13. Nbd2 {[%cal Bb1d2,Bd2b3,Bb3a5][%mdl 32]} Rc8 $2 (13... Nxe5 14. Qxe5 (14. Nxe5 Bxd6 15. b3 a6 $18) 14... a6 15. Qxc5 axb5) 14. Nb3 Nb8 15. Na5 Ba8 16. b4 a6 17. bxc5 axb5 18. cxb6 Qxb6 19. Bd2 bxc4 {Mit der Idee ...c3.} 20. Rfc1 f5 $2 (20... g6 21. Nxc4 Qa7) 21. Rab1 Qa7 $2 (21... Qa6 22. Nxc4 Kf7) 22. Rxc4 Rxc4 23. Nxc4 ({Weniger gut wäre} 23. Qxc4 Nc6 $18) 23... Be4 24. Be3 Qa8 25. Rb3 Nc6 26. Nfd2 {[#] jetzt Dh5+ und aus.} g6 27. Nxe4 fxe4 28. Qg4 Kf7 29. Qf4+ Kg8 30. Qxe4 Kh7 31. h4 {[%cal Bh2h4,Bh4h5,Bh5g6][%mdl 32]} Bg7 32. h5 Rf8 $2 (32... Nxe5 33. Qb1 Rg8) 33. Bxh6 Rf5 34. hxg6+ Kg8 35. Bxg7 Kxg7 36. Rh3 {Droht Matt per De3.} Qa4 37. Qh4 {Weiß setzt Matt.} Qd1+ 38. Kh2 Nxe5 39. Qh8+ {Precision: Weiß = 81%, Schwarz = 27%.} 1-0

[Event "HUN-ch Rapid 2018"]
[Site "Ajka"]
[Date "2018.07.20"]
[Round "1"]
[White "Banusz, Tamas"]
[Black "Cs Kovacs, Laszlo"]
[Result "1-0"]
[WhiteElo "2592"]
[BlackElo "1928"]
[Annotator "TA"]
[PlyCount "65"]
[EventDate "2018.07.20"]
[EventType "swiss"]
[EventCountry "HUN"]
[SourceTitle "playchess.com"]
[Source "ChessBase"]
[SourceQuality "1"]

{[%evp 12,65,27,36,73,62,70,45,47,44,50,33,55,41,31,15,108,102,110,107,124,125,126,112,125,116,122,126,248,223,480,464,534,503,530,528,536,547,550,544,560,431,549,526,542,515,671,547,519,502,1685,1616,29988,29989,29989,29990]} 1. d4 Nf6 2. c4 g6 3. Nf3 Bg7 4. g3 d6 5. Bg2 c6 6. O-O O-O 7. Nc3 {LiveBook: 5018 Games} b6 {E62: King's Indian: Fianchetto: 6...c6 and Panno Variation (6...Nc6) without ...a6} (7... Bf5 8. Nd2 e5 9. d5 Qc8 10. e4 Bg4 11. f3 Bd7 12. Nb3 a5 13. a4 Na6 14. Be3 Nb4 15. Rf2 Qd8 16. dxc6 Bxc6 {0-1 (40) Ding,L (2791)-Caruana,F (2822) Stavanger 2018}) 8. e4 Bb7 9. h3 Nbd7 {White is slightly better.} 10. Be3 Qc7 $146 ({Predecessor:} 10... b5 11. e5 dxe5 12. dxe5 {1-0 (24) Werner,B (2190)-Nagelsdiek,M Wuerttemberg 1997}) 11. Qe2 Rfe8 12. Rac1 e5 13. d5 c5 (13... Nc5 $11 {remains equal.}) 14. Ne1 a6 15. a4 Ra7 16. Nd3 Nf8 17. Kh2 Qe7 18. Rce1 Bc8 19. b4 Nh5 {[#]} (19... a5 $16 {was called for.}) 20. a5 $1 $18 {[%cal Ra5b6]} bxa5 $2 (20... Nd7 21. axb6 Nxb6 22. bxc5 Nxc4 23. cxd6 Nxd6 24. Bxa7 Qxa7) 21. bxc5 Rb7 22. cxd6 Qxd6 23. c5 Qf6 24. Rb1 Rxb1 25. Rxb1 Qd8 26. d6 {[%cal Bd5d6,Bd6e7][%mdl 32]} f5 27. exf5 Bxf5 28. Nd5 Qd7 29. Ne7+ Rxe7 30. dxe7 Bxd3 (30... Qxe7 $142 31. Rb7 Qf6 32. Qa2+ Kh8) 31. Qa2+ Ne6 32. Rb7 Qc8 {[#]} 33. Rb8 $1 {[%mdl 512] Precision: White = 62%, Black = 22%.} 1-0

[Event "HUN-ch Rapid 2018"]
[Site "Ajka"]
[Date "2018.07.20"]
[Round "1"]
[White "Papp, Gabor"]
[Black "Bartok, Zoltan"]
[Result "1-0"]
[WhiteElo "2574"]
[BlackElo "1922"]
[Annotator "TA"]
[PlyCount "55"]
[EventDate "2018.07.20"]
[EventType "swiss"]
[EventCountry "HUN"]
[SourceTitle "playchess.com"]
[Source "ChessBase"]
[SourceQuality "1"]

{[%evp 10,54,46,22,56,62,50,52,106,81,168,75,98,60,133,67,98,44,202,166,166,89,199,200,245,215,510,257,711,723,980,990,1344,1331,2033,657,1467,1466,29987,1205,29988,1617,29982,29982,29992,29993,29999]} 1. e4 d6 2. d4 g6 3. Nc3 Bg7 4. Nf3 Bg4 5. Bc4 e6 6. Be3 {LiveBook: 8 Partien. B06: Moderne Verteidigung} Nd7 7. h3 Bxf3 $1 8. Qxf3 {Weiß steht etwas besser.} Qf6 $146 (8... Ne7 $14) ({Vorgänger:} 8... Ne7 9. h4 h6 10. O-O-O c6 11. Qg3 d5 12. Bb3 b5 13. exd5 exd5 {½-½ (31) Wei,Y (2607)-Bregadze,L (2417) Santa Clara 2014}) 9. Qe2 Ne7 (9... Qe7 $16 {war nötig.}) 10. O-O (10. Nb5 $18 {bietet bessere Gewinnchancen.} Kd8 11. Qd2) 10... c6 11. f4 Nc8 (11... d5 $14) 12. Rad1 (12. f5 $16 exf5 13. exf5) 12... O-O 13. f5 (13. e5 $16 Qe7 14. Bd3) 13... e5 $2 (13... exf5 $14 14. exf5 gxf5) 14. fxg6 Qxg6 {[#]} 15. Rf5 (15. d5 $1 $18) 15... h6 (15... exd4 $16 {ist eine bessere Verteidigung.} 16. Rg5 (16. Bxd4 Bxd4+ 17. Rxd4 Ne7 $11) 16... Qh6 17. Rxd4 Qxg5 18. Bxg5 Bxd4+ 19. Kh1 Bg7) 16. Rdf1 d5 17. exd5 {[%cal Be4d5,Bd5d6][%mdl 32] Droht stark Ld3.} Ne7 $2 (17... Nd6 {kämpft weiter.}) 18. Bd3 {[%cal Bc4d3,Bd3f5,Bf5d7][%mdl 32]} Nxf5 $2 (18... exd4 19. R5f4 f5) 19. Bxf5 $18 Qd6 20. Ne4 Qe7 21. d6 Qd8 22. Qg4 (22. Qh5 $142 Rb8 23. Bxh6) 22... Kh8 {Schwarz hofft, mit ...Sf6 fortzusetzen.} 23. Bxd7 exd4 {[#]} 24. Bg5 $1 {[%mdl 512]} Qa5 (24... hxg5 25. Qh5+) 25. Be7 (25. Bxh6 $142 Bxh6 26. Qh4 Kh7 27. Rf6 Qe1+ 28. Qxe1 Rh8 29. Qg3 Be3+ 30. Kh2) 25... Rg8 26. Qh4 {Weiß setzt Matt.} Raf8 27. Bf6 {[%cal Rh4h6]} Qd5 28. Qxh6# {Precision: Weiß = 25%, Schwarz =  2%.} 1-0

[Event "HUN-ch Rapid 2018"]
[Site "Ajka"]
[Date "2018.07.20"]
[Round "1"]
[White "Medvegy, Zoltan"]
[Black "Nagy, Jozsef"]
[Result "1-0"]
[WhiteElo "2542"]
[BlackElo "1910"]
[Annotator "TA"]
[PlyCount "59"]
[EventDate "2018.07.20"]
[EventType "swiss"]
[EventCountry "HUN"]
[SourceTitle "playchess.com"]
[Source "ChessBase"]
[SourceQuality "1"]

{[%evp 12,59,-6,-8,-4,-5,425,432,485,483,532,529,559,420,481,423,538,494,531,510,540,552,695,684,748,714,710,702,853,857,894,871,1344,1320,1321,1297,1253,1075,1279,1086,1085,1051,1072,902,921,862,1118,1108,1170,995]} 1. d4 d5 2. Bf4 Nf6 3. e3 e6 4. Nd2 Bd6 5. Bg3 (5. Ngf3 Bxf4 6. exf4 Nbd7 7. Bd3 c5 8. c3 Qb6 9. Rb1 Qd6 10. g3 b6 11. O-O Bb7 12. Re1 O-O 13. b4 cxb4 14. cxb4 {1-0 (75) Nakamura,H (2769)-Aronian,L (2764) Leuven 2018}) 5... b6 6. Ngf3 {D00: 1 d4 d5: Unusual lines} Bb7 7. Bb5+ {LiveBook: 3 Games} c6 8. Bd3 {The position is equal.} Nbd7 $146 {[%mdl 8192] [#]} (8... c5 $11 {and Black stays safe.}) ({Predecessor:} 8... Qe7 9. c3 Bxg3 10. hxg3 Nbd7 11. Qe2 e5 12. dxe5 Nxe5 13. Nxe5 Qxe5 {1-0 (46) Salinas Herrera,P (2466)-Venkatesh,M (2439) Doha 2016}) 9. Bxd6 $18 c5 10. c3 c4 11. Bc2 b5 12. Qe2 Nb6 13. Bc5 {White is clearly winning.} a5 14. O-O Nfd7 15. Ba3 Qc7 16. e4 {[%cal Be3e4,Be4e5][%mdl 32]} O-O-O 17. e5 h6 18. Bd6 Qc6 19. b3 g5 20. a4 g4 21. Nh4 f5 22. axb5 Qxb5 23. Rfb1 Qa6 24. Ng6 {[%cal Rg6e7] [#]} Rh7 25. b4 a4 26. b5 Qa5 27. Ne7+ Rxe7 28. Bxe7 Rg8 29. Bb4 Qa8 30. Qd1 {Precision: White = 82%, Black = 18%.} 1-0

[Event "HUN-ch Rapid 2018"]
[Site "Ajka"]
[Date "2018.07.20"]
[Round "1"]
[White "Czebe, Attila"]
[Black "Losonczi, Marcell"]
[Result "1-0"]
[WhiteElo "2488"]
[BlackElo "1852"]
[Annotator "TA"]
[PlyCount "99"]
[EventDate "2018.07.20"]
[EventType "swiss"]
[EventCountry "HUN"]
[SourceTitle "playchess.com"]
[Source "ChessBase"]
[SourceQuality "1"]

{[%evp 19,99,7,38,0,-8,-19,35,33,39,36,44,59,53,46,43,36,49,58,63,65,64,14,65,41,49,22,34,0,12,0,0,-35,-9,-4,-9,-37,0,9,43,61,65,40,63,0,0,0,0,0,73,48,59,0,81,95,84,89,81,81,77,86,133,91,106,27,181,195,307,295,304,300,287,256,456,466,666,626,697,689,1229,1478,1344,1194]} 1. Nf3 Nf6 2. g3 g6 3. Bg2 Bg7 4. O-O O-O 5. d4 d6 6. Re1 Nbd7 7. e4 e5 8. h3 exd4 9. Nxd4 Re8 10. Nc3 a6 {LiveBook: 15 Games. B07: Pirc Defence: Miscellaneous Systems} 11. f4 (11. a4 Rb8 12. a5 Ne5 13. Nb3 Be6 14. f4 Nc6 15. Nd5 Bxd5 16. exd5 Rxe1+ 17. Qxe1 Ne7 18. c4 Qd7 19. Bd2 Re8 20. Qf1 {0-1 (36) Vidit,S (2651)-Mamedov,R (2657) Berlin 2015 CBM 168 Extra [Schulz,André]}) 11... Nc5 12. Nb3 {Threatening Nxc5.} Nxb3 (12... Nfd7 $11) 13. axb3 $14 Rb8 14. Be3 Bd7 15. Qd2 $146 ({Predecessor:} 15. Kh2 Bc6 16. Bf2 Nd7 17. Qd2 Re7 18. Rad1 Qf8 19. Nd5 Bxd5 20. exd5 {½-½ (32) Shevelev,A (2293)-Zilberman,Y (2453) Herzliya 2008}) 15... Bc6 {[%cal Rc6e4]} 16. Ba7 Ra8 17. Bd4 Nd7 18. Bxg7 Kxg7 19. Rad1 f6 20. Qf2 Rb8 (20... a5 $11) 21. h4 Qe7 22. Kh2 Qf7 23. b4 Re7 24. b3 Rbe8 25. Bf3 Kh8 26. Bg4 Qg7 {[#] Hoping for ...f5.} 27. Qd2 h5 (27... g5 $5 28. Bf5 (28. hxg5 fxg5 29. Bxd7 Bxd7 $11) 28... Rg8 $14) 28. Bh3 g5 29. Bf5 Rg8 30. Qf2 $36 {[%mdl 2048] White is more active.} Nf8 31. Rh1 (31. Nd5 $14 Bxd5 32. exd5 (32. Rxd5 gxh4 33. gxh4 Qh6 $14)) 31... gxh4 $11 32. gxh4 Qh6 33. Rhg1 Reg7 (33... Ng6 $1 $11 {remains equal.}) 34. Rxg7 Rxg7 35. Rg1 ({White should play} 35. Ne2 $14) 35... Bd7 (35... Ng6 $11 {keeps the balance.}) 36. Rxg7 $16 Qxg7 37. Bxd7 Nxd7 38. Nd5 c6 39. Ne3 Nf8 40. Qf3 Qg6 41. Nf1 ({White should try} 41. f5 $16 Qh6 42. Ng2) 41... Nd7 $2 {[#]} (41... f5 $1 $11) 42. Ng3 $18 Nf8 (42... b6 {is a better defense.} 43. Qd1 (43. Qxh5+ Qxh5 44. Nxh5 c5 $16) (43. Nxh5 d5 $16) 43... d5 44. exd5 cxd5 45. Qxh5+ (45. Qxd5 Qxc2+ 46. Kh3 Qh7 $16) 45... Qxh5 46. Nxh5 d4) 43. Qxh5+ ({Don't take} 43. Nxh5 $6 Qf7 $18) 43... Qxh5 44. Nxh5 {[%mdl 4096] Endgame KN-KN} Ne6 45. c3 {[%cal Bc2c3,Bc3c4][%mdl 32]} ({But not} 45. Nxf6 $6 Nxf4 46. Kg3 Ne2+ 47. Kg4 Nd4 $18) 45... b6 $2 (45... f5 46. exf5 Nc7) 46. Kg3 {White is clearly winning.} ({Not} 46. f5 Nc7 $18) 46... a5 (46... f5 $142 47. exf5 Nc7) 47. f5 Nc7 48. Nxf6 c5 49. bxa5 bxa5 50. c4 {Precision: White = 66%, Black = 33%.} 1-0

[Event "HUN-ch Rapid 2018"]
[Site "Ajka"]
[Date "2018.07.20"]
[Round "1"]
[White "Nemeth, Miklos"]
[Black "Bauer, Attila"]
[Result "1-0"]
[WhiteElo "2469"]
[BlackElo "1832"]
[Annotator "TA"]
[PlyCount "39"]
[EventDate "2018.07.20"]
[EventType "swiss"]
[EventCountry "HUN"]
[SourceTitle "playchess.com"]
[Source "ChessBase"]
[SourceQuality "1"]

{[%evp 18,39,43,0,0,-4,2,10,5,0,8,0,53,42,489,489,491,471,471,484,459,426,833,803]} 1. e4 e6 2. d4 d5 3. Nd2 dxe4 4. Nxe4 Nd7 5. Bd3 Ngf6 6. Qe2 Be7 7. Nf3 O-O 8. Bd2 b6 9. O-O Bb7 10. c4 c5 {C10: Französische Verteidigung (Rubinstein-Variante)} 11. Bc3 Nxe4 12. Bxe4 Bxe4 {Die Stellung ist ausgeglichen.} 13. Qxe4 cxd4 14. Nxd4 Nc5 $146 (14... Bf6 $11) ({Vorgänger:} 14... Bf6 15. Rad1 Nc5 16. Qf3 Qc8 17. Nc6 Qb7 18. Bxf6 gxf6 {1-0 (51) Horvath,T (2426)-Binder,T (2287) Hungary 2007}) 15. Qg4 $14 {[#] Schwarz muss nun Sc6 beachten.} Bf6 $2 {[%mdl 8192]} ({Günstiger ist} 15... g6 $1 $14) 16. Nc6 $18 {Weiß steht klar auf Gewinn.} h5 17. Qxh5 (17. Nxd8 hxg4 18. Bxf6 gxf6 $15) 17... Qc7 {Droht ...Lxc3 und aus.} 18. Bxf6 gxf6 19. Rfe1 ({Nicht} 19. Qg4+ Kh7 $16) 19... Qxc6 (19... Rfd8 $142 20. Nxd8 Rxd8) 20. Qg4+ 1-0

[Event "HUN-ch Rapid 2018"]
[Site "Ajka"]
[Date "2018.07.20"]
[Round "1"]
[White "Csiszar, Csaba"]
[Black "Juhasz, Judit"]
[Result "1-0"]
[WhiteElo "2432"]
[BlackElo "1816"]
[Annotator "TA"]
[PlyCount "59"]
[EventDate "2018.07.20"]
[EventType "swiss"]
[EventCountry "HUN"]
[SourceTitle "playchess.com"]
[Source "ChessBase"]
[SourceQuality "1"]

{[%evp 21,59,33,34,33,32,38,25,25,31,33,35,4,38,25,61,52,62,68,63,28,83,82,91,95,233,233,217,169,261,147,682,637,1338,1306,29989,29990,29990,29991,29996,29997]} 1. d4 Nf6 2. Nf3 g6 3. c4 Bg7 4. Nc3 O-O 5. e4 d6 6. Be2 c5 7. d5 Bg4 8. Bg5 e6 {E91: King's Indian: Classical: 6 Be2, unusual replies including 6...c5 and 6...Bg4} (8... a6 9. O-O Bxf3 10. Bxf3 Nbd7 11. a4 h6 12. Bd2 e5 13. Qc1 Kh7 14. Bd1 Ng8 15. Bc2 Bf6 16. g3 {½-½ (72) Atalik,S (2566)-Pantelic,S (2322) Kragujevac 2013 CBM 158 [Atalik,S]}) 9. Qd2 Re8 $146 ({Predecessor:} 9... exd5 10. cxd5 a6 11. h3 Bxf3 12. Bxf3 Nbd7 13. g4 Ne5 14. Be2 Qb6 15. f4 Ned7 16. O-O-O {0-1 (29) Yangibayev,R-Muszynski,M LSS email 2008}) 10. O-O exd5 11. exd5 a6 {LiveBook: 10 Games} 12. Qf4 Nbd7 13. h3 Bxf3 $1 14. Bxf3 Re5 15. Qh4 Qc7 16. Bd1 Rb8 (16... b5 $5) 17. a4 Ree8 18. a5 $36 {[%mdl 2048] White is more active.} b6 19. axb6 Rxb6 20. Ra2 Reb8 (20... Qb8 $11) 21. b3 $16 Ne8 22. Ne4 Ne5 (22... f5 $16 {is a better defense.}) 23. f4 $18 Nd3 24. Rd2 Bd4+ (24... f5 $142) 25. Kh1 (25. Kh2 $18 Nb2 26. Bc2) 25... Nb4 $2 {[%mdl 8192]} (25... f5 $16) 26. f5 gxf5 {[#]} 27. Rxd4 $1 {[%mdl 512]} cxd4 28. Nf6+ {White mates.} Nxf6 29. Bxf6 Kf8 30. Re1 {Precision: White = 80%, Black = 25%.} 1-0

[Event "HUN-ch Rapid 2018"]
[Site "Ajka"]
[Date "2018.07.20"]
[Round "1"]
[White "Almasi, Istvan"]
[Black "Miszler, Levente"]
[Result "1/2-1/2"]
[WhiteElo "2416"]
[BlackElo "1809"]
[Annotator "TA"]
[PlyCount "78"]
[EventDate "2018.07.20"]
[EventType "swiss"]
[EventCountry "HUN"]
[SourceTitle "playchess.com"]
[Source "ChessBase"]
[SourceQuality "1"]

{[%evp 16,78,47,49,34,34,44,47,61,22,20,6,37,4,29,18,43,35,37,0,3,-31,-43,-118,-116,-117,-63,-63,-63,-63,-59,-61,-61,-61,-64,-72,-38,-47,-17,-17,-20,-29,-14,-15,-21,-110,-45,-46,-39,-59,0,-59,-46,-49,-42,-45,-45,-83,-50,-131,-96,-169,0,0,0]} 1. Nf3 Nf6 2. c4 g6 3. g3 Bg7 4. Bg2 O-O 5. d4 d6 6. O-O Nbd7 7. Qc2 e5 8. Rd1 exd4 9. Nxd4 {LiveBook: 80 Games} Nc5 {E60: King's Indian: Unusual lines and Fianchetto Variation without Nc3} (9... a6 10. Nc3 Re8 11. b3 Rb8 12. h3 c5 13. Nf3 b5 14. cxb5 axb5 15. Bb2 Qe7 16. e3 b4 17. Nd5 Nxd5 18. Rxd5 Nf6 19. Rdd1 Bf5 {0-1 (36) Melkumyan,H (2622)-Mamedov,R (2657) Berlin 2015}) 10. Nc3 Ne6 11. Nxe6 fxe6 {White is slightly better.} 12. c5 $146 ({Predecessor:} 12. Bg5 Qe8 13. h3 Qf7 14. e4 Nh5 15. Be3 a6 16. Rac1 Qe7 17. Qd2 {1-0 (48) Heck,N (2270)-Geisser,G (1729) Bad Zwesten 2002}) 12... d5 $1 13. Bg5 {Threatening e4.} Qe8 14. h3 c6 15. e4 h6 16. Be3 Nd7 17. exd5 exd5 18. Re1 {And now Nxd5! would win.} Qf7 19. Qd2 (19. Bf4 $15) 19... Ne5 $1 $17 20. Bxh6 {[#]} Bxh3 ({Black should play} 20... Nf3+ $1 $17 21. Bxf3 Qxf3) 21. Rxe5 $1 $15 ({Avoid the trap} 21. Bxg7 $2 Nf3+ 22. Kh1 Bxg2+ 23. Kxg2 Nxd2 $19) 21... Bxh6 $1 22. Qe2 Bxg2 23. Kxg2 Rae8 24. Rxe8 Rxe8 25. Qd3 Bg7 (25... Bg5 {keeps more tension.} 26. Rh1 Kg7 27. Qd4+ Bf6 28. Qf4 Qe6) 26. Rd1 Qf5 27. Qxf5 gxf5 $11 {[%mdl 4096] Endgame KRB-KRN} 28. Kf3 Kf7 29. Ne2 Re4 30. a3 (30. b3 $11) 30... Bxb2 (30... Ra4 $17 31. Rb1 Ra5) 31. Rb1 $15 Bxa3 32. Rxb7+ Kf6 (32... Re7 $15 33. Rb3 Bxc5) 33. Rc7 ({Better is} 33. Rxa7 $11 Bxc5 34. Ra6) 33... Rc4 $1 34. Rxc6+ Ke5 35. Nf4 Bxc5 36. Re6+ Kd4 37. Ne2+ Kd3 {Strongly threatening ...d4.} 38. Nf4+ {[#]} Kd4 $2 ({Black should try} 38... Kc2 $1 $19 {White must now prevent ...a5.} 39. Nxd5 a5) 39. Ne2+ $11 Kd3 {Precision: White = 54%, Black = 48%.} 1/2-1/2

[Event "HUN-ch Rapid 2018"]
[Site "Ajka"]
[Date "2018.07.20"]
[Round "1"]
[White "Galyas, Miklos"]
[Black "Udvardi, Zalan"]
[Result "1-0"]
[WhiteElo "2382"]
[BlackElo "1795"]
[Annotator "TA"]
[PlyCount "153"]
[EventDate "2018.07.20"]
[EventType "swiss"]
[EventCountry "HUN"]
[SourceTitle "playchess.com"]
[Source "ChessBase"]
[SourceQuality "1"]

{[%evp 16,153,82,66,90,86,177,189,204,194,200,167,169,172,208,206,250,245,235,247,236,230,216,188,201,195,193,165,289,289,292,200,193,170,180,178,206,130,139,87,87,87,87,66,129,129,131,131,270,270,270,270,270,270,270,270,284,270,284,270,270,270,270,105,201,113,110,77,107,93,177,177,177,177,177,177,177,177,177,177,177,177,177,177,177,177,177,177,177,177,177,177,177,177,177,177,177,0,177,177,177,177,177,177,192,192,192,151,151,133,133,118,118,118,118,118,1596,1655,1587,599,1847,1678,1974,1953,1865,1818,1780,1677,5802,5734,5397,5233,29984,29985,29989,29990,29992,29992,29994,29995]} 1. d4 Nf6 2. Nf3 c5 3. d5 d6 4. Nc3 a6 5. a4 g6 6. e4 Bg7 7. Be2 O-O 8. O-O Nbd7 9. Nd2 {LiveBook: 3 Partien} Ne5 {A43: Alt-Benoni} (9... Rb8 10. a5 b5 11. axb6 Nxb6 12. Nb3 Ra8 13. Bf4 Qc7 14. Ra2 Nfd7 15. Qa1 f5 16. exf5 Rxf5 17. Bg3 {1-0 (84) Tomazini,Z (2395)-Stajner,S (2417) Slovenia 2017}) 10. f4 Neg4 (10... Ned7 $16) 11. Nc4 $18 h5 {Weiß steht deutlich besser.} 12. h3 Nh6 13. Be3 Rb8 $146 ({Vorgänger:} 13... b6 14. Qd2 Kh7 15. Bd3 Bd7 16. Qe2 Qc7 17. e5 {0-1 (37) Pritchard,D-Fazekas,S Hastings/ East Sussex 1965}) 14. a5 $1 Nd7 15. Qd2 f5 16. e5 $1 b5 17. axb6 $1 Nxb6 {[#]} 18. Na5 $1 Bb7 19. Nxb7 Rxb7 20. Bxa6 Rb8 21. Be2 Nd7 (21... dxe5 $142 22. fxe5 (22. Bxc5 Nd7 $16) 22... Nf7) 22. Nb5 Kh7 23. e6 Nf6 24. c4 Ne4 25. Qc2 Ng8 26. g4 Ng3 27. g5 (27. gxh5 $142 gxh5 28. Rfe1) 27... Nxf1 $16 28. Bxf1 Ra8 29. Ra3 Rxa3 (29... Qb6 $14) 30. bxa3 Qb6 31. Bd2 Nf6 (31... Rc8 $16 {kämpft weiter.} 32. a4 Bd4+ 33. Kg2 Ra8) 32. gxf6 $18 Bxf6 33. a4 Ra8 34. Bd3 Kh6 35. Kh2 Bh4 36. Qd1 Qd8 37. Bc2 Qh8 38. Bc3 Bf6 39. Qd2 $2 (39. Be1 $18) 39... Qf8 (39... Bxc3 $16 40. Nxc3 Qf6) 40. Bxf6 ({Günstiger ist} 40. Ba5 $18) 40... Qxf6 $16 41. Qc3 {Schwarz muss nun Dxf6 beachten.} (41. Kg3 {with more complications.} h4+ 42. Kg2 g5 43. Nc3 Rg8 44. Ne2) 41... Qxc3 42. Nxc3 Kg7 (42... h4 $16 43. Kg2 Kg7) 43. h4 $18 Rb8 {[#] Droht ...Tb2 und aus.} 44. Nb5 $1 Ra8 45. Kg3 Ra5 46. Kf3 Kf6 47. Ke3 Kg7 48. Kd3 Kf8 49. Kc3 Ke8 50. Kb3 Kd8 51. Ka3 Kc8 52. Nc3 Kb7 53. Na2 Ra8 54. Nc1 Ka6 55. Nb3 Rb8 56. Nc1 $2 (56. Bd3 $18) 56... Rb4 $2 (56... Ra8 $1 $11) 57. Bb3 Rb8 58. Ne2 Ka5 59. Nc3 Rg8 60. Nb5 Kb6 61. a5+ Kxa5 62. Na7 {Droht stark Sc6+.} Kb6 {Und weiter mit ...Ta8 wäre nett.} 63. Nc6 Re8 64. Ba4 Kc7 65. Kb3 g5 $2 {[%mdl 8192]} (65... Kb6 $16 66. Kc3 Kc7) 66. fxg5 f4 67. Kc3 (67. Kc2 $142 f3 68. Kd2) 67... f3 {...f2 ist eine echte Drohung.} 68. Kd2 Rf8 69. Ke1 Rf4 70. Nxe7 Rxc4 71. Bc6 Rxh4 72. Nf5 Re4+ 73. Kf2 Re5 74. e7 {Weiß setzt Matt.} Rxe7 75. Nxe7 Kd8 76. Nf5 c4 77. g6 {Precision: Weiß = 68%, Schwarz = 42%.} 1-0